Микрокомпонентный состав подземных вод водозабора поселка Южный города Барнаула; Развитие минерально-сырьевой базы Сибири: от Обручева В. А., Усова М. А., Урванцева Н. Н. до наших дней

Manylion Llyfryddiaeth
Parent link:Развитие минерально-сырьевой базы Сибири: от Обручева В. А., Усова М. А., Урванцева Н. Н. до наших дней.— 2013.— [С. 547-549]
Prif Awdur: Радюк И. В. Илья Владимирович
Awdur Corfforaethol: Национальный исследовательский Томский политехнический университет (ТПУ) Институт природных ресурсов (ИПР)
Crynodeb:Заглавие с экрана
Iaith:Rwseg
Cyhoeddwyd: 2013
Cyfres:Геолого-технологическое картирование и разработка рудных месторождений
Pynciau:
Mynediad Ar-lein:http://www.lib.tpu.ru/fulltext/c/2013/C38/116.pdf
Fformat: Electronig Pennod Llyfr
KOHA link:https://koha.lib.tpu.ru/cgi-bin/koha/opac-detail.pl?biblionumber=603009

MARC

LEADER 00000naa2a2200000 4500
001 603009
005 20260211162115.0
035 |a (RuTPU)RU\TPU\conf\148 
035 |a RU\TPU\conf\147 
090 |a 603009 
100 |a 20131203d2013 k y0rusy50 ca 
101 0 |a rus 
102 |a RU 
135 |a drcn ---uucaa 
181 0 |a i  
182 0 |a b 
200 1 |a Микрокомпонентный состав подземных вод водозабора поселка Южный города Барнаула  |f И. В. Радюк 
203 |a Текст  |c электронный 
215 |a 1 файл(288 Kb) 
225 1 |a Геолого-технологическое картирование и разработка рудных месторождений 
300 |a Заглавие с экрана 
337 |a Adobe Reader 
463 1 |0 (RuTPU)RU\TPU\conf\65  |t Развитие минерально-сырьевой базы Сибири: от Обручева В. А., Усова М. А., Урванцева Н. Н. до наших дней  |o материалы Всероссийского форума с международным участием, посвященного 150-летию академика Обручева В. А., 130-летию академика Усова М. А. и 120-летию профессора Урванцева Н. Н., 24-27 сентября 2013 г., г. Томск  |f Национальный исследовательский Томский политехнический университет (ТПУ)  |v [С. 547-549]  |d 2013 
610 1 |a электронный ресурс 
610 1 |a труды учёных ТПУ 
610 1 |a микрокомпоненты 
610 1 |a подземные воды 
610 1 |a водозаборы 
610 1 |a Барнаул 
700 1 |a Радюк  |b И. В.  |c гидрогеолог  |c инженер Томского политехнического университета  |f 1987-  |g Илья Владимирович  |3 (RuTPU)RU\TPU\pers\31020 
712 0 2 |a Национальный исследовательский Томский политехнический университет (ТПУ)  |b Институт природных ресурсов (ИПР)  |3 (RuTPU)RU\TPU\col\16389 
801 1 |a RU  |b 63413507  |c 20101016 
801 2 |a RU  |b 63413507  |c 20160122  |g RCR 
856 4 |u http://www.lib.tpu.ru/fulltext/c/2013/C38/116.pdf 
942 |c BK